000 00699nam a2200229 i 4500
001 bg
100 1 _aMARCINIAK, Andrzej.
245 1 0 _aBorland Pascal 7.0 z elementami programowania.
_nCz.1a,
_pŚrodowiska programowe /
_cAndrzej Marciniak.
260 _aPoznań :
_b"Nakom",
_c1994.
300 _a306 s. :
_bil ;
_c24 cm.
490 1 _aBiblioteka Użytkownika Mikrokomputerów,
_x0867-6011 ;
_v16
504 _aIndeks.
650 9 _aPASCAL
655 _aPodręczniki
830 _aBiblioteka Użytkownika Mikrokomputerów,
_x0867-6011 ;
020 _a8385060537
040 _cBPK
041 0 _apl
080 _a004.438(07)Pascal
942 _cKS
008 s pl f |000 0 pol
999 _c39498
_d39498
856 _uhttp://koha.tu.koszalin.pl/cgi-bin/koha/opac-detail.pl?biblionumber=39498
_yKatalog online BPK